| 000 | 00384 a2200145 4500 | ||
|---|---|---|---|
| 003 | Nust | ||
| 005 | 20170207153442.0 | ||
| 040 | _cNust | ||
| 082 | _a511 | ||
| 100 | _aKuo, Shan S | ||
| 245 |
_aComputer applications of numerical methods _c [by] Shan S. Kuo. |
||
| 260 |
_aReading, Mass _b., Addison-Wesley _c[1972] |
||
| 300 |
_axii, 415 p _b. illus. 25 cm. |
||
| 650 | _aComputer applications | ||
| 942 |
_2ddc _cBK |
||
| 999 |
_c186524 _d186524 |
||